| 000 | 01062cam a2200229 4500 | ||
|---|---|---|---|
| 008 | 000000n2000 000 0 eng u | ||
| 035 | _a(Sirsi) u109777 | ||
| 245 | _aGovernment and cluster development | ||
| 260 | _c2000 | ||
| 490 |
_aFinancial Times _v 4 December 2000, 5(2) |
||
| 520 | _aDiscusses the findings of research carried out by the DTI into business clusters. These will be detailed in a report, which is due to be published during the next few weeks. The research suggests that clusters - groups of industries associated with specific regions - can be used as a springboard for wealth creation, but cannot be created by government. Looks at the biotechnology cluster in Cambridgeshire, the motor racing cluster in Oxfordshire, and the chemical groups in Middlesbrough. | ||
| 590 | _aWB | ||
| 650 | _aBUSINESS CLUSTERS | ||
| 650 | _aDTI | ||
| 650 | _aGOVERNMENT POLICY | ||
| 650 | _aCAMBRIDGESHIRE | ||
| 650 | _aOXFORDSHIRE | ||
| 650 | _aMIDDLESBROUGH | ||
| 650 | _aREGIONAL DEVELOPMENT | ||
| 690 | _aECONOMIC ISSUES | ||
| 942 | _n0 | ||
| 999 |
_c65518 _d65518 |
||